| 000 | 01560nam a2200337 c 4500 | ||
|---|---|---|---|
| 003 | BLK | ||
| 005 | 20240925005453.0 | ||
| 008 | 180410b bul|||||r ||||||| ||bul|| | ||
| 010 | _aKNG00156705000 | ||
| 040 | _aBLK | ||
| 041 |
_aBUL _cBUL |
||
| 080 |
_aБългарска литература _b821.163.2 _x-191 _z821.163.2-191 |
||
| 100 |
_aСтоевски, Димитър _qЧолаков, Димчо Стоев _9364897 |
||
| 700 | 1 |
_aКаулбах, Вилхелм _eхудож. _977645 |
|
| 700 | 1 |
_aЧолаков, Димчо Стоев _e* _9328160 |
|
| 139 |
_aСтоевски, Димитър _bС 77 |
||
| 245 | 1 | 0 |
_aЧудният роман на Кум Лисан _bЗа средна училищна възраст _cДимитър Стоевски; худож. Вилхелм Каулбах; * Димчо Стоев Чолаков. |
| 250 | _a2. прераб. изд. | ||
| 257 | _aBGR | ||
| 260 |
_аСофия _bНар. младеж _c1956 _fСофия : ДПК Д. Благоев |
||
| 300 |
_a171 с. _bс ил. _c23 см |
||
| 380 | _aX | ||
| 500 | _aДимитър Стоевски - псевд. на Димчо Стоев Чолаков. - Кн. е илюстрирана с рис. на Вилхелм Каулбах. - 1. изд. 1938. - 10 000 тир. | ||
| 653 | _aбасни | ||
| 852 | _aЦб 3175 | ||
| 856 | 4 |
_qpdf _u |
|
| 856 | 4 |
_qpdf _u |
|
| 942 |
_cKNG _n0 |
||
| 944 |
_aCR _c14.02.2014 _lCRON CRON _k |
||
| 944 |
_aED _c29.10.2015 _lф / 14.02.2014 _kВаля_Йорданова |
||
| 999 |
_c150382 _d150382 |
||